00279nam a2200109Ia 4500008004100000245003300041260004900074260000900123300001000132500001100142650001600153170224s9999 xx 000 0 und d 4aThe wisdom of select crowds. bJournal of Personality and Social Psychology c2014 a107:2 aAugust xPsychology.